| 000 | 00743nam a2200181 a 4500 | ||
|---|---|---|---|
| 001 | 000044068 | ||
| 005 | 20201002045128.0 | ||
| 008 | 140515s1993 sp 000 0 spa d | ||
| 020 | _a8433817752 | ||
| 040 |
_aDO-SdBNP _bspa _cBNPHU |
||
| 245 | 0 | 0 |
_aExplosión Demográfica, Empleo y Trabajadores Emigrantes en el Mediterráneo Occidental / _ceditores Juan Montabes Pereira, Bernabé López García, Domingo del Pino. |
| 260 |
_aGranada : _bAECI, _c1993. |
||
| 300 |
_a596 p. ; _c22 cm. |
||
| 490 | 1 |
_aMonografías _v4 |
|
| 504 | _aIncluye referencias bibliográficas y notas al pie de las páginas | ||
| 710 | 2 |
_aUniversidad de Granada _bAgencia de Cooperación Internacional _972059 |
|
| 830 | 0 |
_aMonografías / Universidad de Granada _v4 _972060 |
|
| 999 |
_c43557 _d43557 |
||